00000000nam##2200000za#4500
0019.649076
003CaOODSP
00520210615113504
007tb
008150407|2002||||xxc|||||d    f|0| 0 eng|d
040 |aCaOODSP|beng
043 |an-cn---
0861 |aRH34-5/2002E-LP
1101 |aCanada. |bHuman Resources Development Canada.
24510|aLooking for a job?
260 |aOttawa - Ontario : |bHuman Resources Development Canada |c[2003?].
300 |a138p. : |bindex ; |c28 cm.
500 |aThe catalogue number (MP43-195/2002E) and ISBN (0-662-32584-2) assigned to regular paper version have been printed on large print version.
5203 |aWhether you are a first-time job seeker, a student looking for employment, or someone looking to change jobs, Looking for a Job can help you with your job search or planning your career path.
563 |aSpiral binding
590 |a03-48|b2003-11-28
69007|aVocational guidance|2gcpds
69007|aYoung adults|2gcpds
69007|aEmployment|2gcpds
77508|tTu cherches un emploi? / |w(CaOODSP)9.682316
7760#|tLooking for a job? |w(CaOODSP)9.648605
7760#|tLooking for a job? |w(CaOODSP)9.649014
7760#|tLooking for a job? |w(CaOODSP)9.649015
7760#|tLooking for a job? |w(CaOODSP)9.649079
7760#|tLooking for a job - knowledge matters : |w(CaOODSP)9.686740
986 |aY-4290-08-02E